|
|
|
|
| LEADER |
02275nam a22003973i 4500 |
| 001 |
EBC30259732 |
| 003 |
MiAaPQ |
| 005 |
20231204023229.0 |
| 006 |
m o d | |
| 007 |
cr cnu|||||||| |
| 008 |
231204s2023 xx o ||||0 eng d |
| 020 |
|
|
|a 9781837646845
|q (electronic bk.)
|
| 020 |
|
|
|z 9781802078589
|
| 035 |
|
|
|a (MiAaPQ)EBC30259732
|
| 035 |
|
|
|a (Au-PeEL)EBL30259732
|
| 035 |
|
|
|a (OCoLC)1380464931
|
| 040 |
|
|
|a MiAaPQ
|b eng
|e rda
|e pn
|c MiAaPQ
|d MiAaPQ
|
| 082 |
0 |
|
|a 028.909428210904
|
| 100 |
1 |
|
|a Grover, Mary.
|
| 245 |
1 |
0 |
|a Steel City Readers :
|b Reading for Pleasure in Sheffield, 1925-1955.
|
| 250 |
|
|
|a 1st ed.
|
| 264 |
|
1 |
|a Liverpool :
|b Liverpool University Press,
|c 2023.
|
| 264 |
|
4 |
|c Ã2023.
|
| 300 |
|
|
|a 1 online resource (288 pages)
|
| 336 |
|
|
|a text
|b txt
|2 rdacontent
|
| 337 |
|
|
|a computer
|b c
|2 rdamedia
|
| 338 |
|
|
|a online resource
|b cr
|2 rdacarrier
|
| 490 |
1 |
|
|a Liverpool English Texts and Studies ;
|v v.99
|
| 505 |
0 |
|
|a Cover -- Contents -- List of Illustrations -- Acknowledgements -- Introduction -- 1 At Home with Books -- 2 Running up Eyre Street: Independent Young Readers and the Public Libraries -- 3 Hefty Books and Tuppenny Weeklies -- 4 Reading Scenes: Social Networks and Reading -- 5 'Getting them learned': Books in the Classroom -- 6 The 1937 'Confession Book' of Mary Wilkinson: Reading and the Second World War -- 7 'You can read and dance': Reading in Early Adulthood -- 8 'Anna Karenina, you know, and all the normal things': Sheffield Readers, Classics and the Contemporary -- The Last Word -- Apendix 1: Interview Prompts -- Appendix 2: Informants and Interviewers -- Bibliography -- Index.
|
| 588 |
|
|
|a Description based on publisher supplied metadata and other sources.
|
| 590 |
|
|
|a Electronic reproduction. Ann Arbor, Michigan : ProQuest Ebook Central, 2023. Available via World Wide Web. Access may be limited to ProQuest Ebook Central affiliated libraries.
|
| 655 |
|
4 |
|a Electronic books.
|
| 776 |
0 |
8 |
|i Print version:
|a Grover, Mary
|t Steel City Readers
|d Liverpool : Liverpool University Press,c2023
|z 9781802078589
|
| 797 |
2 |
|
|a ProQuest (Firm)
|
| 830 |
|
0 |
|a Liverpool English Texts and Studies
|
| 856 |
4 |
0 |
|u https://ebookcentral.proquest.com/lib/matrademy/detail.action?docID=30259732
|z Click to View
|